Countries with the Largest Christian Population - Statistics

General Stats
  • This quiz has been taken 1,014 times
  • The average score is 12 of 15
Answer Stats
Hint Answer % Correct
#1 USA
99%
#2 Brazil
93%
#15 France
93%
#9 Germany
91%
#3 Mexico
91%
#4 Russia
91%
#12 United Kingdom
90%
#11 Italy
89%
#7 People's Republic of China
78%
#14 South Africa
72%
#6 Nigeria
71%
#13 Colombia
65%
#5 Philippines
61%
#10 Ethiopia
56%
#8 Democratic Republic of the Congo
50%
No matching quizzes found
Score Distribution
Percent of People with Each Score
Percentile by Number Answered
Your Score History
You have not taken this quiz